000 005820000a22002170004500
003 LK-CoMWRAF
005 20231206105441.0
008 230817t1980 ||||| |||| 00| 0 eng d
020 _a0950395498
040 _aLK-CoMWRAF
_dLK-CoMWRAF
_eLK-CoMWRAF
041 _aeng
082 _a340.59
_bMAW
100 _aMawdudi, Abul A'la
245 _aHuman Rights in Islam
250 _a2nd ed.
260 _aLeicester:
_bThe Islamic Foundation
_c1980
300 _a39 p.
650 _aHuman rights- Religious aspects- Islam
650 _aInternational law (Islamic law)
942 _cBK
999 _c1774
_d1774